Discurso sobre el colonialismo

Saved in:
Bibliografiske detaljer
Hovedforfatter: Césaire, Aimé (autor)
Format: Bog
Sprog:spansk
Udgivet: Madrid Akal Ediciones 2006
Udgivelse:1a. ed
Serier:Cuestiones de Antagonismo, 39
Fag:
Tags: Tilføj Tag
Ingen Tags, Vær først til at tagge denne postø!

MARC

LEADER 00000cam a2200000 a 4500
001 UCD8900
003 CL-VaPUC
008 170527e20060000sp |||||||||||||||||spa|d
020 |a 8446021676 
082 0 4 |a 325.3  |b CES  |2 21 
100 |a Césaire, Aimé  |e autor  |9 269427 
245 1 0 |a Discurso sobre el colonialismo 
250 |a 1a. ed 
300 |a 221 p 
942 |c BK 
945 |d 20170527 00:32:00  |a arojas 
260 |a Madrid  |b Akal Ediciones  |c 2006 
650 0 |a Colonialismo  |9 316469 
583 |a last modification  |c 20170527 00:32:00  |k Rodrigo Vera 
490 0 |a Cuestiones de Antagonismo, 39 
999 |c 368206  |d 368204 
952 |0 0  |1 0  |3 erb  |4 0  |6 325_300000000000000_CES_2006  |7 0  |8 A  |9 483477  |a BIBEDU  |b BIBEDU  |i 5377773  |l 5  |o 325.3 CES 2006  |p 5377773  |r 2020-12-01  |s 2020-08-19  |w 2019-11-24  |y BK  |z Catalogado en:20170527  |k FIL 
952 |0 0  |1 0  |3 erb  |4 0  |6 325_300000000000000_CES_2006  |7 0  |8 A  |9 483478  |a BIBING  |b BIBING  |i 5476976  |o 325.3 CES 2006  |p 5476976  |r 2025-01-20  |w 2019-11-24  |y BK  |z Catalogado en:20180622  |k GEO